Why is Canada's Price Level So Predictable? /

One of the pioneers of inflation targeting (IT), the Bank of Canada is now considering a possibility of switching to price-level-path targeting (PLPT), where past deviations of inflation from the target would have to be offset in the future, bringing the price level back to a predetermined path. Thi...

Full description

Bibliographic Details
Main Author: Klyuev, Vladimir
Other Authors: Kamenik, Ondrej, Kiem, Heesun, Laxton, Douglas
Format: Journal
Language:English
Published: Washington, D.C. : International Monetary Fund, 2008.
Series:IMF Working Papers; Working Paper ; No. 2008/025
Online Access:Full text available on IMF
LEADER 02524cas a2200277 a 4500
001 AALejournalIMF009805
008 230101c9999 xx r poo 0 0eng d
020 |c 5.00 USD 
020 |z 9781451868876 
022 |a 1018-5941 
040 |a BD-DhAAL  |c BD-DhAAL 
100 1 |a Klyuev, Vladimir. 
245 1 0 |a Why is Canada's Price Level So Predictable? /  |c Vladimir Klyuev, Heesun Kiem, Ondrej Kamenik, Douglas Laxton. 
264 1 |a Washington, D.C. :  |b International Monetary Fund,  |c 2008. 
300 |a 1 online resource (38 pages) 
490 1 |a IMF Working Papers 
500 |a <strong>Off-Campus Access:</strong> No User ID or Password Required 
500 |a <strong>On-Campus Access:</strong> No User ID or Password Required 
506 |a Electronic access restricted to authorized BRAC University faculty, staff and students 
520 3 |a One of the pioneers of inflation targeting (IT), the Bank of Canada is now considering a possibility of switching to price-level-path targeting (PLPT), where past deviations of inflation from the target would have to be offset in the future, bringing the price level back to a predetermined path. This paper draws attention to the fact that the price level in Canada has strayed little from the path implied by the two percent inflation target since its introduction in December 1994, and has tended to revert to that path after temporary deviations. Econometric analysis using Bayesian estimation suggests that a low probability can be assigned to explaining this behavior by sheer luck manifesting itself in mutually offsetting shocks. Much more plausible is the assumption that inflation expectations and interest rates are determined in a way that is consistent with an element of PLPT. This suggests that the difference between IT as it is actually practiced (or perceived) and PLPT may be less stark than what pure theoretical constructs posit, and that the transition to a fullfledged PLPT regime will likely be considerably easier than what was previously thought. The paper also shows that inflation expectations are a major driver of actual inflation in Canada, which makes it easier to keep inflation close to the target without large output costs. 
538 |a Mode of access: Internet 
700 1 |a Kamenik, Ondrej. 
700 1 |a Kiem, Heesun. 
700 1 |a Laxton, Douglas. 
830 0 |a IMF Working Papers; Working Paper ;  |v No. 2008/025 
856 4 0 |z Full text available on IMF  |u http://elibrary.imf.org/view/journals/001/2008/025/001.2008.issue-025-en.xml  |z IMF e-Library